000
00313pam a2200133a 44500
008
230405s1982 xxu||||| |||| 00| 0 eng d
041
_a
ENG
100
_a
William Pickles
245
_a
Accountancy
260
_a
_b
Pitman Books Ltd
_c
1982
300
_a
125p.
690
_a
SR.COLLEGE REGULAR GRANT
906
_a
46
999
_c
291389
_d
291389